[Event "Novosibirsk Sukharev Memorial op"]
[Site "Novosibirsk"]
[Date "2012.07.24"]
[Round "8"]
[White "Sukhanov, Dmitry"]
[Black "Sinitsin, Roman"]
[Result "0-1"]
[WhiteElo "2163"]
[BlackElo "2201"]
[PlyCount "102"]
[EventDate "2012.07.18"]
[EventType "swiss"]
[EventRounds "9"]
[EventCountry "RUS"]
[SourceTitle "EXT 2013"]
[Source "ChessBase"]
[SourceDate "2012.11.22"]
[SourceVersion "1"]
[SourceVersionDate "2012.11.22"]
[SourceQuality "1"]

1. e4 e6 2. d4 d5 3. Nc3 Nf6 4. Bg5 Be7 5. e5 Nfd7 6. Bxe7 Qxe7 7. f4 a6 8. Nf3 c5 9. Qd2 Nc6 10. dxc5 Qxc5 11. Bd3 b5 12. a3 h6 13. b4 Qb6 14. Qf2 Qc7 15. Ne2 a5 16. 0-0 axb4 17. Ned4 Nxd4 18. Nxd4 bxa3 19. Nxb5 Qd8 20. Nd6+ Kf8 21. Rfb1 Qa5 22. Qh4 g6 23. Bb5 Qa7+ 24. Kh1 a2 25. Rf1 Kg7 26. Rxa2 Qxa2 27. Bxd7 Rf8 28. Qf6+ Kg8 29. Bxc8 Raxc8 30. Nxc8 Rxc8 31. f5 exf5 32. e6 Qa7 33. e7 Re8 34. Re1 Qf2 35. Qe5 Qxc2 36. Qxd5 Qc7 37. Qe5 Qxe5 38. Rxe5 f6 39. Ra5 Rxe7 40. g3 Kf7 41. h3 h5 42. Kg2 Kg7 43. Kf3 g5 44. h4 Kg6 45. Ra4 Rb7 46. Ra6 Kg7 47. Ra5 Kg6 48. Ra6 g4+ 49. Kf2 Rb2+ 50. Kg1 Rb4 51. Ra8 f4 0-1

[Event "Novosibirsk Sukharev Memorial op"]
[Site "Novosibirsk"]
[Date "2012.07.23"]
[Round "6"]
[White "Sinitsin, Roman"]
[Black "Kuzmin, Georgy"]
[Result "1/2-1/2"]
[WhiteElo "2201"]
[BlackElo "2115"]
[PlyCount "52"]
[EventDate "2012.07.18"]
[EventType "swiss"]
[EventRounds "9"]
[EventCountry "RUS"]
[SourceTitle "EXT 2013"]
[Source "ChessBase"]
[SourceDate "2012.11.22"]
[SourceVersion "1"]
[SourceVersionDate "2012.11.22"]
[SourceQuality "1"]

1. d4 d5 2. c4 c6 3. Nf3 Nf6 4. e3 Bg4 5. Nc3 e6 6. Qb3 Qb6 7. Be2 Nbd7 8. h3 Bh5 9. Bd2 Be7 10. Rc1 0-0 11. 0-0 Ne4 12. Be1 f5 13. Na4 Qxb3 14. axb3 Ng5 15. Bd2 Bxf3 16. Bxf3 Nxf3+ 17. gxf3 Nb6 18. Nxb6 axb6 19. Ra1 Bf6 20. Bb4 Rfd8 21. Rfd1 Kf7 22. Kf1 g5 23. Ke2 h6 24. Rdc1 Kg6 25. Rd1 Kf7 26. Rdc1 Kg6 1/2-1/2

[Event "Novosibirsk Region-ch sf"]
[Site "Novosibirsk"]
[Date "2010.10.21"]
[Round "6"]
[White "Sinitsin, Roman"]
[Black "Kuzmin, Nikolai"]
[Result "1/2-1/2"]
[WhiteElo "2217"]
[BlackElo "2102"]
[PlyCount "39"]
[EventDate "2010.??.??"]
[EventType "swiss"]
[EventRounds "9"]
[EventCountry "RUS"]
[SourceTitle "EXT 2014"]
[Source "ChessBase"]
[SourceDate "2013.11.20"]
[SourceVersion "1"]
[SourceVersionDate "2013.11.20"]
[SourceQuality "1"]

1. d4 Nf6 2. c4 g6 3. g3 Bg7 4. Nc3 0-0 5. Bg2 d6 6. e4 Nbd7 7. Nge2 c5 8. 0-0 cxd4 9. Nxd4 Qa5 10. Be3 Ne5 11. Nd5 Nxd5 12. cxd5 Ng4 13. Bd2 Qb6 14. Nb3 Bxb2 15. Rb1 Bf6 16. Bf3 Ne5 17. Be2 a5 18. Be3 Qd8 19. f4 Nd7 20. Bf3 1/2-1/2

[Event "Novosibirsk Region-ch sf"]
[Site "Novosibirsk"]
[Date "2010.10.19"]
[Round "4"]
[White "Sinitsin, Roman"]
[Black "Dzhumagaliev, Murat"]
[Result "1-0"]
[WhiteElo "2217"]
[BlackElo "2076"]
[PlyCount "21"]
[EventDate "2010.??.??"]
[EventType "swiss"]
[EventRounds "9"]
[EventCountry "RUS"]
[SourceTitle "EXT 2014"]
[Source "ChessBase"]
[SourceDate "2013.11.20"]
[SourceVersion "1"]
[SourceVersionDate "2013.11.20"]
[SourceQuality "1"]

1. Nf3 Nf6 2. d4 e6 3. c4 Bb4+ 4. Nbd2 c5 5. a3 Qa5 6. e3 d5 7. cxd5 Nxd5 8. Rb1 Bxd2+ 9. Bxd2 Qb6 10. dxc5 Qxc5 11. Rc1 1-0

[Event "Novosibirsk Region-ch sf"]
[Site "Novosibirsk"]
[Date "2010.10.18"]
[Round "3"]
[White "Sukhanov, Dmitry"]
[Black "Sinitsin, Roman"]
[Result "1-0"]
[WhiteElo "2138"]
[BlackElo "2217"]
[PlyCount "48"]
[EventDate "2010.??.??"]
[EventType "swiss"]
[EventRounds "9"]
[EventCountry "RUS"]
[SourceTitle "EXT 2014"]
[Source "ChessBase"]
[SourceDate "2013.11.20"]
[SourceVersion "1"]
[SourceVersionDate "2013.11.20"]
[SourceQuality "1"]

1. e4 e6 2. d4 d5 3. Nc3 Bb4 4. e5 c5 5. Bd2 cxd4 6. Nb5 Bc5 7. b4 Be7 8. Qg4 g6 9. Nxd4 Nc6 10. Nxc6 bxc6 11. Nf3 f5 12. Qg3 Kf7 13. h4 h6 14. Bd3 Qb6 15. 0-0 Ba6 16. Be3 Qb7 17. Bc5 Bxc5 18. bxc5 Bxd3 19. cxd3 Qb5 20. Nd4 Qb7 21. Nxe6 Kxe6 22. Qxg6+ Kd7 23. Qg7+ Ne7 24. e6+ Kxe6 1-0

[Event "Novosibirsk-ch op"]
[Site "Novosibirsk"]
[Date "2009.02.23"]
[Round "6"]
[White "Krasnov, Yury"]
[Black "Sinitsin, Roman"]
[Result "1/2-1/2"]
[WhiteElo "2035"]
[BlackElo "2237"]
[PlyCount "55"]
[EventDate "2009.02.18"]
[EventType "swiss"]
[EventRounds "9"]
[EventCountry "RUS"]
[SourceTitle "CBM 129 Extra"]
[Source "ChessBase"]
[SourceDate "2009.05.05"]
[SourceVersion "2"]
[SourceVersionDate "2009.05.20"]
[SourceQuality "1"]

1. Nf3 Nf6 2. g3 g6 3. Bg2 Bg7 4. c4 c6 5. 0-0 0-0 6. Nc3 d6 7. Rb1 a5 8. a3 e5 9. d3 h6 10. b4 axb4 11. axb4 Be6 12. b5 Nbd7 13. bxc6 bxc6 14. Nd2 Qc7 15. Bb2 Nh7 16. Qc2 f5 17. Ra1 Rxa1 18. Rxa1 f4 19. Qa4 fxg3 20. hxg3 Ng5 21. Qa7 Qd8 22. Nce4 Nxe4 23. Nxe4 d5 24. cxd5 cxd5 25. Nc5 Nxc5 26. Qxc5 Kh8 27. Ra7 d4 28. Rxg7 1/2-1/2

[Event "Novosibirsk-ch op"]
[Site "Novosibirsk"]
[Date "2009.02.20"]
[Round "3"]
[White "Sinitsin, Roman"]
[Black "Dzhumagaliev, Yan"]
[Result "0-1"]
[WhiteElo "2237"]
[BlackElo "2315"]
[PlyCount "57"]
[EventDate "2009.02.18"]
[EventType "swiss"]
[EventRounds "9"]
[EventCountry "RUS"]
[SourceTitle "CBM 129 Extra"]
[Source "ChessBase"]
[SourceDate "2009.05.05"]
[SourceVersion "2"]
[SourceVersionDate "2009.05.20"]
[SourceQuality "1"]

1. d4 Nf6 2. Nf3 e6 3. e3 b6 4. Bd3 Bb7 5. 0-0 Be7 6. b3 0-0 7. Nbd2 d5 8. Bb2 c5 9. dxc5 bxc5 10. c4 Nbd7 11. Qe2 a5 12. cxd5 exd5 13. e4 dxe4 14. Nxe4 Re8 15. Neg5 h6 16. Bc4 hxg5 17. Bxf7+ Kxf7 18. Nxg5+ Kf8 19. Qe6 Bd5 20. Qh3 Bd6 21. Qh8+ Bg8 22. Nh7+ Kf7 23. Ng5+ Kg6 24. h4 Bf7 25. h5+ Nxh5 26. Qh7+ Kxg5 27. f4+ Bxf4 28. g3 Be3+ 29. Kg2 0-1

[Event "Novosibirsk Region-ch final"]
[Site "Novosibirsk"]
[Date "2008.12.08"]
[Round "4"]
[White "Dzhumagaliev, Yan"]
[Black "Sinitsin, Roman"]
[Result "0-1"]
[WhiteElo "2303"]
[BlackElo "2230"]
[PlyCount "73"]
[EventDate "2008.12.05"]
[EventType "swiss"]
[EventRounds "9"]
[EventCountry "RUS"]
[SourceTitle "EXT 2010"]
[Source "ChessBase"]
[SourceDate "2010.11.25"]
[SourceVersion "1"]
[SourceVersionDate "2010.11.25"]
[SourceQuality "1"]

1. c4 c6 2. Nf3 d5 3. d4 Nf6 4. cxd5 cxd5 5. Bf4 Nc6 6. Nc3 Qb6 7. Qb3 Qxb3 8. axb3 Bf5 9. e3 e6 10. Bb5 Nd7 11. 0-0 f6 12. Rfc1 g5 13. Bg3 Nb4 14. Ne2 Nc2 15. Rxc2 Bxc2 16. Rc1 Bxb3 17. Rc7 Rd8 18. Nd2 a6 19. Bxd7+ Rxd7 20. Rc8+ Rd8 21. Rxd8+ Kxd8 22. Nxb3 Kd7 23. f4 Bb4 24. fxg5 fxg5 25. Nc5+ Bxc5 26. dxc5 Rc8 27. b4 a5 28. bxa5 Rxc5 29. Be1 e5 30. Bc3 d4 31. exd4 exd4 32. Bxd4 Rxa5 33. Kf2 Ra3 34. h3 b5 35. Nc1 Kc6 36. Bb2 Ra4 37. Bf6 0-1

[Event "EU-ch U16 18th"]
[Site "Herceg Novi"]
[Date "2008.09.24"]
[Round "9"]
[White "Mordechai, Hanan"]
[Black "Sinitsin, Roman"]
[Result "1-0"]
[WhiteElo "2072"]
[BlackElo "2258"]
[PlyCount "109"]
[EventDate "2008.09.15"]
[EventType "swiss"]
[EventRounds "9"]
[EventCountry "MNE"]
[SourceTitle "CBM 126 Extra"]
[Source "ChessBase"]
[SourceDate "2008.11.05"]
[SourceVersion "1"]
[SourceVersionDate "2008.11.05"]
[SourceQuality "1"]

1. e4 e6 2. d4 d5 3. Nd2 c5 4. exd5 Qxd5 5. Ngf3 cxd4 6. Bc4 Qd6 7. 0-0 Nf6 8. Nb3 Nc6 9. Nbxd4 Nxd4 10. Qxd4 Qxd4 11. Nxd4 a6 12. a4 Bd7 13. c3 Bc5 14. Nc2 Rc8 15. Be2 Bc6 16. Be3 Bxe3 17. Nxe3 Ke7 18. Nc4 Rhd8 19. Nb6 Rb8 20. Rfd1 Rxd1+ 21. Rxd1 Rd8 22. f3 Rxd1+ 23. Bxd1 Kd6 24. a5 g5 25. Kf2 h5 26. Ke3 h4 27. b4 Nd5+ 28. Nxd5 Kxd5 29. Bb3+ Ke5 30. g3 hxg3 31. hxg3 f6 32. c4 Kd6 33. Bc2 Ke5 34. Bb1 Kd6 35. Bd3 Bd7 36. Be4 Bc8 37. Kd4 e5+ 38. Ke3 f5 39. Bd5 Kc7 40. Kd3 Bd7 41. Kc3 Bc8 42. b5 b6 43. c5 bxc5 44. b6+ Kb8 45. Kc4 f4 46. g4 Bb7 47. Kxc5 e4 48. fxe4 f3 49. Bc4 Bc8 50. Kd4 Bxg4 51. Ke3 Bh5 52. Bxa6 g4 53. Kf2 Bf7 54. Bb5 Be6 55. a6 1-0

[Event "RUS-chT Clubs U18"]
[Site "Rybinsk"]
[Date "2008.08.09"]
[Round "8"]
[White "Sinitsin, Roman"]
[Black "Dubov, Daniil"]
[Result "1/2-1/2"]
[WhiteElo "2258"]
[BlackElo "2237"]
[PlyCount "74"]
[EventDate "2008.08.02"]
[EventType "team"]
[EventRounds "9"]
[EventCountry "RUS"]
[SourceTitle "CBM 125 Extra"]
[Source "ChessBase"]
[SourceDate "2008.09.01"]
[SourceVersion "1"]
[SourceVersionDate "2008.09.01"]
[SourceQuality "1"]

1. d4 d5 2. c4 c6 3. Nf3 Nf6 4. Nc3 e6 5. g3 Nbd7 6. Bg2 dxc4 7. a4 Be7 8. 0-0 0-0 9. Qc2 Nd5 10. Nd2 Bf6 11. e3 Nb4 12. Qd1 e5 13. Nxc4 exd4 14. exd4 Nb6 15. Nxb6 axb6 16. Be3 Be6 17. Qd2 Qd7 18. Rfd1 Rfe8 19. d5 Nxd5 20. Nxd5 cxd5 21. Bxd5 Bxd5 22. Qxd5 Qxd5 23. Rxd5 Re4 24. Bxb6 Rb4 25. Be3 Rxb2 26. Rc1 Rb4 27. a5 Re4 28. Rc7 Re7 29. Rxe7 Bxe7 30. Bb6 Kf8 31. Rb5 Ke8 32. Bd4 g6 33. Bc3 Bd8 34. Kf1 Ra6 35. Rxb7 Bxa5 36. Bxa5 Rxa5 37. Kg2 Ra3 1/2-1/2

[Event "RUS-chT Clubs U18"]
[Site "Rybinsk"]
[Date "2008.08.03"]
[Round "2"]
[White "Sinitsin, Roman"]
[Black "Gerasimov, Ivan"]
[Result "0-1"]
[WhiteElo "2258"]
[BlackElo "2315"]
[PlyCount "196"]
[EventDate "2008.08.02"]
[EventType "team"]
[EventRounds "9"]
[EventCountry "RUS"]
[SourceTitle "CBM 125 Extra"]
[Source "ChessBase"]
[SourceDate "2008.09.01"]
[SourceVersion "1"]
[SourceVersionDate "2008.09.01"]
[SourceQuality "1"]

1. d4 Nf6 2. c4 e6 3. Nf3 Bb4+ 4. Bd2 c5 5. Bxb4 cxb4 6. e3 0-0 7. Be2 d6 8. 0-0 Re8 9. Qb3 a5 10. a3 Na6 11. Rd1 Qe7 12. axb4 Nxb4 13. Nc3 b6 14. Ne1 Bb7 15. Nd3 Nxd3 16. Bxd3 Rab8 17. Qa3 d5 18. Qxe7 Rxe7 19. c5 bxc5 20. dxc5 Bc6 21. Rd2 Ra7 22. Rc2 Nd7 23. Ne2 e5 24. Bf5 Kf8 25. f4 f6 26. Bxh7 Rab7 27. fxe5 fxe5 28. Rxa5 Rxb2 29. Ra6 Rxc2 30. Bxc2 Bb7 31. Rd6 Nxc5 32. Nc3 Ke7 33. Rg6 d4 34. exd4 exd4 35. Rxg7+ Kf6 36. Rg6+ Kf7 37. Nb5 d3 38. Rg5 Ne4 39. Bb3+ Kf6 40. Rg8 Rxg8 41. Bxg8 d2 42. Bb3 Ke5 43. h4 Ba6 44. Na3 Be2 45. Nb1 d1Q+ 46. Bxd1 Bxd1 47. Kf1 Bc2 48. Na3 Bd3+ 49. Ke1 Kd4 50. g4 Kc3 51. h5 Kb2 52. h6 Nd6 53. Kd2 Bh7 54. Ke3 Kxa3 55. Kf4 Nf7 56. Kg3 Kb4 57. Kh4 Kc5 58. Kg3 Kd5 59. Kf4 Kd4 60. Kf3 Nxh6 61. Kf4 Nf7 62. Kf3 Bg6 63. Kf4 Kd5 64. Ke3 Ke5 65. Kd2 Kd4 66. Ke1 Kc3 67. Kd1 Nd6 68. Ke2 Kd4 69. Kf3 Ke5 70. Ke3 Be4 71. Kf2 Kf4 72. Ke2 Nc4 73. Kd1 Kxg4 74. Ke1 Kf4 75. Kd1 Ke3 76. Kc1 Bd3 77. Kd1 Kd4 78. Kc1 Kc3 79. Kd1 Na3 80. Kc1 Bc4 81. Kd1 Nc2 82. Kc1 Ba2 83. Kd1 Nd4 84. Kc1 Ne2+ 85. Kd1 Kd3 86. Ke1 Ke3 87. Kd1 Bb3+ 88. Ke1 Nf4 89. Kf1 Bd5 90. Ke1 Bf3 91. Kf1 Nd3 92. Kg1 Kf4 93. Kh2 Kg4 94. Kg1 Kg3 95. Kf1 Bg4 96. Kg1 Be2 97. Kh1 Nf2+ 98. Kg1 Nh3+ 0-1

[Event "Asia-ch Children-A"]
[Site "Yakutsk"]
[Date "2008.07.10"]
[Round "6"]
[White "Sinitsin, Roman"]
[Black "Baasanbat, Ganbat"]
[Result "1-0"]
[WhiteElo "2258"]
[BlackElo "1884"]
[PlyCount "69"]
[EventDate "2008.07.05"]
[EventType "swiss"]
[EventRounds "7"]
[EventCountry "RUS"]
[SourceTitle "EXT 2022"]
[Source "ChessBase"]
[SourceDate "2021.10.06"]
[SourceVersion "1"]
[SourceVersionDate "2021.10.06"]
[SourceQuality "1"]

1. d4 Nf6 2. c4 e6 3. Nf3 b6 4. Nc3 Bb7 5. g3 Be7 6. Bg2 d5 7. 0-0 0-0 8. Qc2 h6 9. Ne5 c5 10. dxc5 Bxc5 11. Rd1 Qc7 12. Bf4 Nh5 13. cxd5 Nxf4 14. gxf4 f6 15. Ng6 Re8 16. d6 Qd7 17. Ne7+ Kh8 18. Bxb7 Qxb7 19. Qg6 Nd7 20. Qf7 Rf8 21. Ng6+ Kh7 22. Nxf8+ Rxf8 23. Qxe6 f5 24. Nd5 Qc6 25. Ne7 Qe4 26. Qxe4 fxe4 27. e3 Rf6 28. Kf1 g5 29. f5 h5 30. Rac1 g4 31. Rc4 Ne5 32. Rxe4 Bxd6 33. Rxd6 Rxd6 34. Rxe5 h4 35. Ke2 1-0

[Event "Asia-ch Children-A"]
[Site "Yakutsk"]
[Date "2008.07.09"]
[Round "5"]
[White "Sinitsin, Roman"]
[Black "Bogomolov, Egor"]
[Result "1-0"]
[WhiteElo "2258"]
[BlackElo "1845"]
[PlyCount "95"]
[EventDate "2008.07.05"]
[EventType "swiss"]
[EventRounds "7"]
[EventCountry "RUS"]
[SourceTitle "EXT 2022"]
[Source "ChessBase"]
[SourceDate "2021.10.06"]
[SourceVersion "1"]
[SourceVersionDate "2021.10.06"]
[SourceQuality "1"]

1. d4 Nf6 2. c4 e6 3. Nf3 b6 4. Nc3 Bb7 5. e3 d5 6. Bd3 Be7 7. 0-0 c5 8. Qe2 Nc6 9. Rd1 cxd4 10. exd4 a6 11. Bg5 Nb4 12. cxd5 Nbxd5 13. Rac1 h6 14. Bh4 Nf4 15. Qe5 Nxd3 16. Rxd3 Rc8 17. d5 Bxd5 18. Rcd1 Qc7 19. Qe3 Bc6 20. Ne5 Ng4 21. Nxg4 Bxh4 22. Qd4 f5 23. Qc4 Bd5 24. Qxc7 Rxc7 25. Nxd5 exd5 26. Ne3 0-0 27. Nxd5 Rb7 28. g3 Bf6 29. b3 Rff7 30. Kg2 Kh7 31. Ne3 g6 32. Rd6 Be7 33. Re6 Bc5 34. Nd5 a5 35. h4 Kg7 36. Nf4 Rf6 37. Re8 Re7 38. Red8 Rc6 39. Kf3 Rb7 40. R1d2 Re7 41. h5 g5 42. Ng6 Rxg6 43. hxg6 Kxg6 44. Rc8 Re6 45. Rc7 h5 46. Rdd7 g4+ 47. Kg2 Re2 48. Rc6+ 1-0

[Event "Asia-ch Children-A"]
[Site "Yakutsk"]
[Date "2008.07.07"]
[Round "?"]
[White "Sinitsin, Roman"]
[Black "Ramnath, Bhuvanesh R"]
[Result "0-1"]
[WhiteElo "2258"]
[BlackElo "2239"]
[PlyCount "56"]
[EventDate "2008.07.05"]
[EventType "swiss"]
[EventRounds "7"]
[EventCountry "RUS"]
[SourceTitle "EXT 2022"]
[Source "ChessBase"]
[SourceDate "2021.10.06"]
[SourceVersion "1"]
[SourceVersionDate "2021.10.06"]
[SourceQuality "1"]

1. d4 Nf6 2. Nf3 g6 3. c4 Bg7 4. Nc3 d6 5. e4 0-0 6. h3 e5 7. d5 a5 8. Bg5 h6 9. Be3 Na6 10. Be2 Nc5 11. Nd2 Ne8 12. g4 f5 13. exf5 gxf5 14. Rg1 Kh8 15. Qc2 Na6 16. gxf5 Nb4 17. Qb1 Bxf5 18. Nde4 Qh4 19. Bg4 Bh7 20. a3 Nf6 21. Bf3 Nfxd5 22. Rg4 Nxc3 23. bxc3 Qe7 24. Rg3 Rxf3 25. axb4 Qh4 26. Qd1 Bxe4 27. Rxf3 Bxf3 28. Qxf3 e4 0-1

[Event "Sibiria Region-ch"]
[Site "Novokuznetsk"]
[Date "2008.03.20"]
[Round "8"]
[White "Sinitsin, Roman"]
[Black "Efimov, Nikita"]
[Result "1-0"]
[WhiteElo "2279"]
[BlackElo "2209"]
[PlyCount "101"]
[EventDate "2008.03.13"]
[EventType "swiss"]
[EventRounds "9"]
[EventCountry "RUS"]
[SourceTitle "CBM 123 Extra"]
[Source "ChessBase"]
[SourceDate "2008.05.06"]
[SourceVersion "1"]
[SourceVersionDate "2008.05.06"]
[SourceQuality "1"]

1. d4 d6 2. Nf3 Nd7 3. c4 e5 4. d5 Ngf6 5. Nc3 g6 6. e4 Bg7 7. h3 Nc5 8. Qc2 a5 9. Bg5 0-0 10. Be2 Bd7 11. 0-0 h6 12. Be3 Ne8 13. Nd2 f5 14. f3 f4 15. Bf2 g5 16. b3 h5 17. a3 a4 18. b4 Nb3 19. Nxb3 axb3 20. Qxb3 g4 21. hxg4 hxg4 22. fxg4 Qg5 23. Nb5 Bxg4 24. Bxg4 Qxg4 25. Qf3 Qg5 26. Rfd1 Rf6 27. c5 Rg6 28. c6 b6 29. Ra2 Rh6 30. Rd3 Qg6 31. Kf1 Rc8 32. Bg1 Nf6 33. Nc3 Rf8 34. Ke2 Rh1 35. Rd1 Bh6 36. Kd3 Ng4 37. Bf2 Rh2 38. Bg1 Rh4 39. Bf2 Rh2 40. Bg1 Rh1 41. a4 Rh5 42. a5 bxa5 43. bxa5 Ne3 44. Rb1 Kh7 45. a6 Rg5 46. Ne2 Nxd5 47. a7 Rg3 48. Nxg3 fxg3 49. a8Q Rxf3+ 50. gxf3 Nf4+ 51. Ke3 1-0

[Event "Sibiria Region-ch"]
[Site "Novokuznetsk"]
[Date "2008.03.17"]
[Round "5"]
[White "Vekshenkov, Nikolai"]
[Black "Sinitsin, Roman"]
[Result "1/2-1/2"]
[WhiteElo "2432"]
[BlackElo "2279"]
[PlyCount "57"]
[EventDate "2008.03.13"]
[EventType "swiss"]
[EventRounds "9"]
[EventCountry "RUS"]
[SourceTitle "CBM 123 Extra"]
[Source "ChessBase"]
[SourceDate "2008.05.06"]
[SourceVersion "1"]
[SourceVersionDate "2008.05.06"]
[SourceQuality "1"]

1. c4 e6 2. g3 d5 3. Bg2 Nf6 4. d4 dxc4 5. Qa4+ Nbd7 6. Nf3 a6 7. Nc3 Be7 8. 0-0 0-0 9. Qxc4 b5 10. Qd3 Bb7 11. Bg5 c5 12. Rfd1 Qb6 13. Ne5 c4 14. Qc2 Nxe5 15. Bxb7 Qxb7 16. dxe5 Ng4 17. Bxe7 Qxe7 18. Qe4 Qg5 19. f3 Qe3+ 20. Qxe3 Nxe3 21. Rd6 Rfd8 22. Kf2 Nf5 23. Rb6 Rdb8 24. Rxb8+ Rxb8 25. Rd1 Kf8 26. g4 Ne7 27. Rd6 b4 28. Ne4 Rc8 29. Ke3 1/2-1/2

[Event "Sibiria Region-ch"]
[Site "Novokuznetsk"]
[Date "2008.03.13"]
[Round "1"]
[White "Shalygin, Nikolay"]
[Black "Sinitsin, Roman"]
[Result "0-1"]
[WhiteElo "1920"]
[BlackElo "2279"]
[PlyCount "52"]
[EventDate "2008.03.13"]
[EventType "swiss"]
[EventRounds "9"]
[EventCountry "RUS"]
[SourceTitle "CBM 123 Extra"]
[Source "ChessBase"]
[SourceDate "2008.05.06"]
[SourceVersion "1"]
[SourceVersionDate "2008.05.06"]
[SourceQuality "1"]

1. e4 e6 2. d3 c5 3. Nf3 d5 4. Nbd2 Nc6 5. g3 Nf6 6. Bg2 Be7 7. 0-0 Qc7 8. Re1 b6 9. c3 Ba6 10. e5 Nd7 11. d4 cxd4 12. cxd4 g5 13. Bf1 Bxf1 14. Nxf1 g4 15. Nh4 0-0-0 16. Bh6 Rhg8 17. Rc1 Kb7 18. a3 Rc8 19. Qd3 Qd8 20. Ng2 f6 21. exf6 Bxf6 22. Nf4 Bxd4 23. Nxe6 Qf6 24. Nxd4 Nxd4 25. Qxh7 Rxc1 26. Rxc1 Ne2+ 0-1

[Event "Novosibirsk Region op"]
[Site "Novosibirsk"]
[Date "2007.12.05"]
[Round "1"]
[White "Galauov, Ruslan"]
[Black "Sinitsin, Roman"]
[Result "1-0"]
[WhiteElo "2117"]
[BlackElo "2285"]
[PlyCount "45"]
[EventDate "2007.12.05"]
[EventType "swiss"]
[EventRounds "9"]
[EventCountry "RUS"]
[SourceTitle "CBM 122 Extra"]
[Source "ChessBase"]
[SourceDate "2008.03.04"]
[SourceVersion "1"]
[SourceVersionDate "2008.03.04"]
[SourceQuality "1"]

1. e4 e6 2. c4 c5 3. Nc3 Nc6 4. Nf3 d6 5. d4 cxd4 6. Nxd4 Nf6 7. Be2 Be7 8. 0-0 0-0 9. Kh1 Nxd4 10. Qxd4 b6 11. f4 Bb7 12. f5 d5 13. cxd5 Bc5 14. Qd3 exd5 15. e5 Ne4 16. f6 g6 17. Nxe4 dxe4 18. Qh3 Re8 19. Bf4 Qd5 20. Rac1 Bc8 21. Qh4 Be6 22. Rfd1 Qxa2 23. Rxc5 1-0